[Event "Elit(Manhem-Rockaden,Sthlm)"]
[Site "?"]
[Date "2011.10.09"]
[Round "3"]
[White "Bator, Robert"]
[Black "Carlhammar, Magnus"]
[Result "1-0"]
[WhiteElo "2483"]
[BlackElo "2321"]
[PlyCount "58"]

1. d4 d6 2. g3 Nf6 3. Bg2 Nbd7 4. e4 e5 5. Ne2 Be7 6. h3 h5 7. Be3 c6 8. c4 a6
9. a4 a5 10. Nbc3 Nf8 11. Qc2 Ng6 12. f4 h4 13. O-O-O Qc7 14. c5 exd4 15. cxd6
Bxd6 16. Bxd4 hxg3 17. e5 Nxe5 18. fxe5 Bxe5 19. Ne4 Nd5 20. Qc5 Rh6 21. N2c3
Be6 22. Bxe5 Qxe5 23. Nd6+ Kd7 24. Nc4 Qf4+ 25. Kb1 Ke8 26. Nxd5 cxd5 27. Bxd5
Bxd5 28. Qxd5 Re6 29. Rhf1 Qe3 1-0

[Event "Elit(LASK-Vasteras)"]
[Site "?"]
[Date "2011.10.09"]
[Round "3"]
[White "Akesson, Ralf"]
[Black "Tikkanen, Hans"]
[Result "1/2-1/2"]
[WhiteElo "2426"]
[BlackElo "2662"]
[PlyCount "74"]

1. d4 Nf6 2. c4 g6 3. Nc3 d5 4. cxd5 Nxd5 5. Bd2 Bg7 6. e4 Nxc3 7. Bxc3 O-O 8.
Nf3 Bg4 9. Be2 c5 10. d5 Bxf3 11. Bxf3 Bxc3+ 12. bxc3 Qd6 13. Rb1 b6 14. O-O
Nd7 15. c4 Rfd8 16. g3 e5 17. Bg2 Nf6 18. f4 Rf8 19. Rb2 Ne8 20. Rbf2 f6 21.
Qa1 Nc7 22. Qb2 Rae8 23. h4 Re7 24. Kh2 Ne8 25. f5 g5 26. Bf3 Rg7 27. Bh5 Qe7
28. Bxe8 Qxe8 29. Qe2 Kh8 30. Rg2 gxh4 31. gxh4 Rxg2+ 32. Kxg2 Rg8+ 33. Kf2 Qf8
34. Rg1 Qh6 35. Rxg8+ Kxg8 36. Kg3 Kf8 37. Kh3 Ke7 1/2-1/2

[Event "Elit(LASK-Vasteras)"]
[Site "?"]
[Date "2011.10.09"]
[Round "3"]
[White "Skytte Hagen, Andreas"]
[Black "Norberg, Johan"]
[Result "1-0"]
[WhiteElo "2504"]
[BlackElo "2355"]
[PlyCount "119"]

1. c4 e5 2. g3 Nc6 3. Nc3 g6 4. Bg2 Bg7 5. e4 Nge7 6. Nge2 O-O 7. O-O d6 8. d3
Be6 9. Nd5 Qd7 10. Be3 f5 11. Qd2 Rf7 12. Rae1 Raf8 13. f3 Nc8 14. exf5 Bxf5
15. d4 Bh3 16. b3 Nb6 17. Ndc3 Bxg2 18. Kxg2 exd4 19. Nxd4 Ne5 20. f4 Ng4 21.
Bg1 Re8 22. Rxe8+ Qxe8 23. Re1 Re7 24. Rxe7 Qxe7 25. Qe2 Qd7 26. Ncb5 c5 27.
Qe6+ Qxe6 28. Nxe6 Nc8 29. Kf3 Nf6 30. g4 b6 31. Bf2 Kf7 32. Nxg7 Kxg7 33. Bh4
Kf7 34. Bxf6 Kxf6 35. Ke4 Ke6 36. Nc7+ Kd7 37. Nd5 Ke6 38. f5+ gxf5+ 39. gxf5+
Kf7 40. f6 Ke6 41. a4 a6 42. Kf4 Na7 43. Kg5 Nc6 44. Kh6 Kf7 45. Kxh7 Nd4 46.
Kh6 Nxb3 47. Kg5 Nd2 48. Nxb6 Ne4+ 49. Kf5 Nxf6 50. h4 Ne8 51. Nd5 Ng7+ 52. Ke4
Ne6 53. Nf4 Nc7 54. a5 Kg7 55. Kf5 Kf7 56. h5 Ne8 57. h6 Nf6 58. Ne6 d5 59.
Ng5+ Ke7 60. cxd5 1-0

[Event "Elit(LASK-Vasteras)"]
[Site "?"]
[Date "2011.10.09"]
[Round "3"]
[White "Eriksson, Anders"]
[Black "Hillarp Persson, Tiger"]
[Result "0-1"]
[WhiteElo "2330"]
[BlackElo "2591"]
[PlyCount "56"]

1. Nf3 g6 2. g3 Bg7 3. Bg2 b5 4. a4 b4 5. O-O Bb7 6. c3 a5 7. d4 Nf6 8. Nbd2
O-O 9. Qc2 c5 10. dxc5 Na6 11. cxb4 Nxb4 12. Qd1 Rc8 13. Nb3 Ne4 14. Nfd4 Nxc5
15. Bxb7 Nxb7 16. Be3 Nd6 17. Bd2 Qb6 18. e3 Nc4 19. Rb1 Nxd2 20. Qxd2 Rc4 21.
Rfc1 d5 22. Nb5 Rfc8 23. N3d4 Bxd4 24. Nxd4 e5 25. Ne2 Rc2 26. Qd1 Qf6 27. h4
Qf3 28. Kf1 Rxe2 0-1

[Event "Elit(LASK-Vasteras)"]
[Site "?"]
[Date "2011.10.09"]
[Round "3"]
[White "Nilsson, Sebastian"]
[Black "Janse, Rasmus"]
[Result "1-0"]
[WhiteElo "2416"]
[BlackElo "2261"]
[PlyCount "67"]

1. e4 e6 2. d4 d5 3. Nc3 Bb4 4. e5 c5 5. a3 Bxc3+ 6. bxc3 Ne7 7. Qg4 O-O 8. Bd3
Nbc6 9. Bg5 Qa5 10. Ne2 cxd4 11. f4 Ng6 12. h4 dxc3 13. h5 Ngxe5 14. fxe5 Nxe5
15. Qg3 f6 16. O-O Qc5+ 17. Kh1 Nxd3 18. Bxf6 Rf7 19. Bd4 Qf8 20. Rxf7 Qxf7 21.
cxd3 Qxh5+ 22. Kg1 Qg6 23. Qd6 h6 24. Rf1 Kh7 25. Rf8 Qg4 26. Qe5 Qg5 27. Rf7
Qxe5 28. Bxe5 Kg6 29. Rxg7+ Kf5 30. d4 Ke4 31. Nxc3+ Kd3 32. Nb5 a5 33. Rg8 Bd7
34. Rxa8 1-0

[Event "Elit(LASK-Vasteras)"]
[Site "?"]
[Date "2011.10.09"]
[Round "3"]
[White "Nilsson, Andre"]
[Black "Grandelius, Nils"]
[Result "0-1"]
[WhiteElo "2325"]
[BlackElo "2568"]
[PlyCount "110"]

1. g3 g6 2. Bg2 Bg7 3. d4 Nf6 4. e4 d6 5. Ne2 O-O 6. O-O Nbd7 7. h3 c6 8. Be3
e5 9. c3 d5 10. Nd2 dxe4 11. Nxe4 Nxe4 12. Bxe4 Nf6 13. Bg2 Nd5 14. Bd2 exd4
15. Nxd4 Qb6 16. Qb3 Bxd4 17. cxd4 Qxb3 18. axb3 Be6 19. Bxd5 Bxd5 20. b4 Rfd8
21. Rfe1 Be6 22. Kg2 Rxd4 23. Bc3 Rd5 24. Rad1 Rc8 25. Rxd5 cxd5 26. Ra1 Rc4
27. Bf6 a6 28. b5 axb5 29. Ra8+ Bc8 30. Ra5 d4 31. Rxb5 Bd7 32. Ra5 d3 33. Kf3
Rc6 34. Ra8+ Bc8 35. Bd4 f6 36. Ke3 Kf7 37. g4 h5 38. f3 hxg4 39. hxg4 f5 40.
g5 f4+ 41. Kxd3 Bf5+ 42. Ke2 Rc2+ 43. Kd1 Rg2 44. Rb8 Rxg5 45. Rxb7+ Ke6 46.
Bf2 Bd3 47. Rb6+ Kd5 48. Rb4 Rg2 49. Rd4+ Ke5 50. Rxd3 Rxf2 51. Kc1 g5 52. Rb3
g4 53. fxg4 f3 54. Rb4 Rg2 55. Kd1 Rg1+ 0-1

[Event "Elit(LASK-Vasteras)"]
[Site "?"]
[Date "2011.10.09"]
[Round "3"]
[White "Lund, Silas"]
[Black "Norberg, Erik"]
[Result "1-0"]
[WhiteElo "2422"]
[BlackElo "2252"]
[PlyCount "67"]

1. d4 d6 2. e4 Nf6 3. Nc3 g6 4. f4 Bg7 5. Nf3 O-O 6. Bd3 c5 7. d5 e6 8. O-O
exd5 9. exd5 a6 10. a4 Qc7 11. Bc4 Nbd7 12. Re1 Rb8 13. h3 Nb6 14. Bf1 c4 15.
Be3 Nbd7 16. Ba7 Ra8 17. Bf2 Rb8 18. Nd4 Nh5 19. Qf3 Bxd4 20. Bxd4 f5 21. Re7
Qd8 22. Rae1 Ndf6 23. Bxc4 Ne4 24. Nxe4 Qxe7 25. Nf6+ Qxf6 26. Bxf6 Nxf6 27.
Qa3 Rd8 28. Re7 b5 29. axb5 axb5 30. Qc3 Ne8 31. Bxb5 Rxb5 32. Qc6 Rc5 33.
Rxe8+ Kf7 34. Rxd8 1-0

[Event "Elit(LASK-Vasteras)"]
[Site "?"]
[Date "2011.10.09"]
[Round "3"]
[White "Kimari, Patrick"]
[Black "Olsson, Linus"]
[Result "1/2-1/2"]
[WhiteElo "2153"]
[BlackElo "2324"]
[PlyCount "83"]

1. e4 c5 2. Nc3 e6 3. g3 Nc6 4. Bg2 Nf6 5. Nge2 d6 6. O-O Be7 7. d4 cxd4 8.
Nxd4 O-O 9. Be3 Qc7 10. Ncb5 Qb8 11. c4 Bd7 12. Qe2 a6 13. Nc3 Rc8 14. Nxc6
Bxc6 15. a4 b6 16. f4 Qc7 17. f5 Rab8 18. fxe6 fxe6 19. b3 Re8 20. Bd4 Qb7 21.
Rf2 e5 22. Be3 Nxe4 23. Bxe4 Bxe4 24. Bxb6 Qxb6 25. Nxe4 Qxb3 26. Qg4 Qb7 27.
Qe6+ Kh8 28. Nxd6 Bxd6 29. Qxd6 h6 30. Raf1 e4 31. c5 e3 32. Rf8+ Rxf8 33.
Rxf8+ Rxf8 34. Qxf8+ Kh7 35. Qf5+ g6 36. Qe6 Qb1+ 37. Kg2 Qc2+ 38. Kh3 Qxc5 39.
Qf7+ Kh8 40. Qf6+ Kh7 41. Qf7+ Kh8 42. Qf6+ 1/2-1/2

[Event "Elit(LASK-Vasteras)"]
[Site "?"]
[Date "2011.10.09"]
[Round "3"]
[White "Gajic, Mladen"]
[Black "Ylonen, Anders"]
[Result "1-0"]
[WhiteElo "2330"]
[BlackElo "2105"]
[PlyCount "114"]

1. e4 c5 2. c3 Nf6 3. e5 Nd5 4. Bc4 Nb6 5. Bb3 e6 6. Nf3 Nc6 7. O-O d6 8. exd6
Bxd6 9. d4 cxd4 10. Nxd4 Nxd4 11. Qxd4 O-O 12. Rd1 Be7 13. Qe4 Qc7 14. Bf4 Qc6
15. Qxc6 bxc6 16. Bd6 Bxd6 17. Rxd6 Bb7 18. Na3 Rfd8 19. Rad1 Rxd6 20. Rxd6 Kf8
21. c4 Ke7 22. Rd1 Rd8 23. Rxd8 Kxd8 24. Bc2 g6 25. f4 Kd7 26. b4 e5 27. fxe5
Ke6 28. Bb3 Kxe5 29. c5 Nd5 30. Nc4+ Kd4 31. Na5 Ba8 32. a3 f5 33. Bxd5 Kxd5
34. Kf2 Kd4 35. Ke2 a6 36. Kd2 g5 37. Nb3+ Kc4 38. Kc2 h5 39. Nd2+ Kd5 40. Kd3
Bb7 41. Nf3 g4 42. Nh4 f4 43. Ng6 f3 44. gxf3 gxf3 45. Nf4+ Ke5 46. Nxh5 Bc8
47. Ke3 Kd5 48. Nf4+ Kc4 49. Nd3 Kb3 50. Ne5 Kxa3 51. Nxc6 Bg4 52. h4 Ka4 53.
Ne5 Be6 54. h5 Kxb4 55. h6 Bf5 56. c6 a5 57. c7 a4 1-0

[Event "Elit(Team Viking-Kamraterna)"]
[Site "?"]
[Date "2011.10.09"]
[Round "3"]
[White "Hamark, Jesper"]
[Black "Agrest, Evgenij"]
[Result "0-1"]
[WhiteElo "2404"]
[BlackElo "2716"]
[PlyCount "64"]

1. c4 e5 2. g3 d6 3. Bg2 f5 4. Nc3 Nf6 5. d3 c6 6. e4 Be7 7. Nge2 Na6 8. O-O
O-O 9. h3 Nc7 10. exf5 Bxf5 11. d4 Kh8 12. Be3 Qe8 13. g4 Be6 14. d5 cxd5 15.
Nxd5 Ncxd5 16. cxd5 Bg8 17. Qb3 b5 18. Rac1 a6 19. Ng3 Rc8 20. Qd3 e4 21. Bxe4
Nxe4 22. Qxe4 Bf6 23. Rxc8 Qxc8 24. Rc1 Qe8 25. b3 Qf7 26. Nf5 Re8 27. Qd3 Qg6
28. Bf4 Be5 29. Bxe5 Rxe5 30. Rc8 Qf7 31. Nxd6 Qd7 32. Qc3 Qxd6 0-1

[Event "Elit(Team Viking-Kamraterna)"]
[Site "?"]
[Date "2011.10.09"]
[Round "3"]
[White "Shimanov, Alexander"]
[Black "Svensson, Bengt"]
[Result "1-0"]
[WhiteElo "2626"]
[BlackElo "2460"]
[PlyCount "79"]

1. Nf3 d5 2. d4 Nf6 3. c4 dxc4 4. e3 e6 5. Bxc4 c5 6. O-O a6 7. dxc5 Qxd1 8.
Rxd1 Bxc5 9. Be2 Nc6 10. Nbd2 O-O 11. a3 Rd8 12. b4 Be7 13. Bb2 b5 14. Nb3 Bb7
15. Nfd4 Nxd4 16. Bxd4 Bd5 17. Na5 Rac8 18. f3 Nd7 19. e4 Ba8 20. Rac1 Bg5 21.
Rxc8 Rxc8 22. Kf2 Nb8 23. Be3 Bxe3+ 24. Kxe3 Kf8 25. Rd6 Ke7 26. Rb6 e5 27. f4
exf4+ 28. Kxf4 Kd7 29. Bg4+ Kc7 30. Bxc8 Kxb6 31. Bf5 h6 32. Bh7 Nd7 33. Bf5
Nf6 34. Ke5 Kc7 35. Nb3 Bb7 36. Nc5 Ne8 37. Nxb7 Kxb7 38. Kd5 Nf6+ 39. Kd6 g6
40. e5 1-0

[Event "Elit(Team Viking-Kamraterna)"]
[Site "?"]
[Date "2011.10.09"]
[Round "3"]
[White "Aberg, Anton"]
[Black "Volodin, Aleksandr"]
[Result "0-1"]
[WhiteElo "2408"]
[BlackElo "2548"]
[PlyCount "40"]

1. Nf3 c5 2. g3 d6 3. d4 cxd4 4. Nxd4 e5 5. Nf3 Nc6 6. Bg2 d5 7. O-O Be7 8. c4
dxc4 9. Qa4 Bd7 10. Qxc4 Nf6 11. Nc3 Rc8 12. Qb3 Qc7 13. Bg5 Be6 14. Qa4 O-O
15. Rfd1 Rcd8 16. Rxd8 Rxd8 17. Rd1 Rxd1+ 18. Nxd1 h6 19. Bd2 e4 20. Bf4 exf3
0-1

[Event "Elit(Team Viking-Kamraterna)"]
[Site "?"]
[Date "2011.10.09"]
[Round "3"]
[White "Carlsson, Pontus"]
[Black "Borvander, Tom"]
[Result "1-0"]
[WhiteElo "2579"]
[BlackElo "2211"]
[PlyCount "87"]

1. e4 e5 2. Nf3 Nc6 3. Bc4 Nf6 4. d3 Be7 5. O-O d6 6. c3 O-O 7. Bb3 Nd7 8. Bc2
Bf6 9. h3 Nb6 10. Re1 Ne7 11. Nbd2 g6 12. Nf1 Bg7 13. d4 exd4 14. cxd4 c5 15.
b3 f5 16. Bg5 Qc7 17. Bxe7 Qxe7 18. exf5 Qf6 19. Ng3 cxd4 20. fxg6 hxg6 21. Qd3
Bxh3 22. Nh5 Qf5 23. Nxg7 Qxd3 24. Bxd3 Kxg7 25. Re7+ Kh6 26. Rxb7 Rf4 27. Re1
Bg4 28. Nd2 Rc8 29. Ree7 Rc1+ 30. Kh2 d5 31. Kg3 Kg5 32. Re5+ Bf5 33. Bxf5 Rxf5
34. Nf3+ Kf6 35. Rxf5+ Kxf5 36. Nxd4+ Ke4 37. Ne2 Rc2 38. Re7+ Kd3 39. Nf4+ Kc3
40. Rxa7 g5 41. Ne6 Kd3 42. Ra6 Rc6 43. Nd8 Rf6 44. a4 1-0

[Event "Elit(Team Viking-Kamraterna)"]
[Site "?"]
[Date "2011.10.09"]
[Round "3"]
[White "Svenn, Matti"]
[Black "Semcesen, Daniel"]
[Result "0-1"]
[WhiteElo "2259"]
[BlackElo "2555"]
[PlyCount "66"]

1. e4 e5 2. Nf3 Nc6 3. Bb5 Nf6 4. d3 Bc5 5. O-O d6 6. c3 O-O 7. Be3 Bb6 8. Nbd2
Ne7 9. Re1 Ng6 10. Nf1 c6 11. Ba4 Ng4 12. Qd2 f5 13. Bb3+ Kh8 14. exf5 Bxf5 15.
Bxb6 axb6 16. h3 Nf6 17. Ng3 Qd7 18. Nxf5 Qxf5 19. Qg5 Qd7 20. Bc2 Rae8 21. a4
Qf7 22. a5 bxa5 23. Rxa5 h6 24. Qd2 d5 25. Ra7 Nh5 26. Nh2 Nhf4 27. Bd1 Nxd3
28. Rf1 Ndf4 29. Kh1 e4 30. Qe3 Ne5 31. Qb6 Re7 32. b4 Nc4 33. Qd4 Ne6 0-1

[Event "Elit(Team Viking-Kamraterna)"]
[Site "?"]
[Date "2011.10.09"]
[Round "3"]
[White "Lindberg, Bo"]
[Black "Madebrink, Lars"]
[Result "1-0"]
[WhiteElo "2460"]
[BlackElo "2285"]
[PlyCount "69"]

1. d4 d5 2. c4 e6 3. Nc3 Be7 4. Nf3 Nf6 5. Bg5 O-O 6. e3 h6 7. Bh4 b6 8. Rc1
Bb7 9. Bxf6 Bxf6 10. cxd5 exd5 11. b4 c6 12. Bd3 Nd7 13. O-O Re8 14. Qb3 Nf8
15. a4 Qd6 16. e4 dxe4 17. Nxe4 Qd8 18. Nxf6+ Qxf6 19. Bc4 Ne6 20. Rfe1 Rad8
21. Rcd1 Bc8 22. Re3 Nf4 23. Ne5 Be6 24. Nxc6 Qg5 25. g3 Nh3+ 26. Kg2 Bxc4 27.
Qxc4 Nxf2 28. Rxe8+ Rxe8 29. Rf1 Ng4 30. Qxf7+ Kh7 31. Qxe8 Ne3+ 32. Kg1 Nxf1
33. Qe4+ g6 34. Kxf1 Qc1+ 35. Kg2 1-0

[Event "Elit(Team Viking-Kamraterna)"]
[Site "?"]
[Date "2011.10.09"]
[Round "3"]
[White "Jagerflod, Kent"]
[Black "Sagit, Rauan"]
[Result "0-1"]
[WhiteElo "1857"]
[BlackElo "2431"]
[PlyCount "56"]

1. e3 Nf6 2. Nf3 e6 3. d4 c5 4. Bd3 Be7 5. O-O O-O 6. c3 d6 7. Qe2 Nc6 8. Rd1
Qc7 9. a3 e5 10. Qc2 d5 11. dxe5 Nxe5 12. Nxe5 Qxe5 13. Nd2 Bg4 14. Re1 Bd6 15.
Nf1 c4 16. Be2 Bf5 17. Qd1 Rfe8 18. f4 Qe6 19. Bd2 Bc5 20. Bf3 Bd3 21. Ng3 Qb6
22. Qc1 Re6 23. Kf2 Rae8 24. a4 a5 25. h3 Bd6 26. Nh5 Nxh5 27. Bxh5 Bxf4 28.
Bf3 Bh2 0-1

[Event "Elit(Team Viking-Kamraterna)"]
[Site "?"]
[Date "2011.10.09"]
[Round "3"]
[White "Pettersson, Anders"]
[Black "Nyberg, Ulf"]
[Result "1-0"]
[WhiteElo "2290"]
[BlackElo "2112"]
[PlyCount "83"]

1. d4 d5 2. c4 e6 3. Nf3 Nf6 4. Nc3 Be7 5. Bg5 O-O 6. e3 Nbd7 7. Rc1 a6 8. cxd5
exd5 9. Bd3 c6 10. O-O Re8 11. h3 Nf8 12. Qb3 Ne4 13. Bf4 Nxc3 14. bxc3 Ng6 15.
Bh2 Bd6 16. c4 Bxh2+ 17. Nxh2 Nh4 18. f4 Qe7 19. Rce1 dxc4 20. Qxc4 Nf5 21. e4
Nd6 22. Qc2 Nb5 23. Nf3 Bd7 24. a4 Nc7 25. e5 h6 26. f5 Nd5 27. f6 Qa3 28. Bh7+
Kh8 29. fxg7+ Kxg7 30. Ng5 Be6 31. Nxe6+ Rxe6 32. Bf5 Ne3 33. Qf2 Nxf5 34. Qxf5
Rf8 35. Re4 Qe7 36. h4 Rg6 37. Qf3 Rd8 38. Rf4 Rd7 39. h5 Re6 40. Rf6 Kg8 41.
Qg4+ Kh7 42. Rxf7+ 1-0

[Event "Elit(Limhamn-Eksjo)"]
[Site "?"]
[Date "2011.10.09"]
[Round "3"]
[White "Cicak, Slavko"]
[Black "Hector, Jonny"]
[Result "1-0"]
[WhiteElo "2581"]
[BlackElo "2640"]
[PlyCount "97"]

1. c4 e5 2. Nc3 Bb4 3. Nd5 Be7 4. d4 d6 5. e4 Nf6 6. Nxe7 Qxe7 7. f3 Nh5 8. Ne2
O-O 9. g4 Qh4+ 10. Kd2 Nf4 11. Nxf4 exf4 12. Kc3 Qf6 13. h4 c5 14. g5 cxd4+ 15.
Qxd4 Qxd4+ 16. Kxd4 Nc6+ 17. Kc3 f5 18. gxf6 Rxf6 19. b3 Ne5 20. Be2 Bd7 21.
Kd2 a6 22. Bb2 Rc8 23. Rac1 Rg6 24. Ke1 a5 25. Kf2 a4 26. c5 Nf7 27. h5 Rh6 28.
Rcg1 Rxc5 29. Bc4 Rxc4 30. Rxg7+ Kf8 31. bxc4 Ke7 32. Ke2 b5 33. cxb5 Bxb5+ 34.
Kd2 Bc4 35. a3 d5 36. Bd4 Bb3 37. Rh4 dxe4 38. fxe4 Rd6 39. Kc3 Rc6+ 40. Kd3
Bc4+ 41. Kd2 h6 42. Rxf4 Bb3 43. Bc3 Rd6+ 44. Ke3 Rd1 45. Bb4+ Ke8 46. Rf5 Rh1
47. Rb5 Rh3+ 48. Kd4 Rf3 49. Rb7 1-0

[Event "Elit(Limhamn-Eksjo)"]
[Site "?"]
[Date "2011.10.09"]
[Round "3"]
[White "Ornstein, Axel"]
[Black "Ahlander, Bjorn"]
[Result "1-0"]
[WhiteElo "2444"]
[BlackElo "2503"]
[PlyCount "61"]

1. d4 Nf6 2. Nf3 e6 3. Bg5 c5 4. c3 h6 5. Bxf6 Qxf6 6. Nbd2 d5 7. e3 Nc6 8. Bb5
Bd7 9. O-O O-O-O 10. a4 Kb8 11. Nb3 c4 12. Nbd2 Bd6 13. b3 cxb3 14. Qxb3 Rc8
15. a5 Rc7 16. c4 dxc4 17. Nxc4 Qe7 18. Rfb1 Rd8 19. Nfd2 Be8 20. g3 f5 21.
Nxd6 Qxd6 22. Bf1 Ne7 23. Nc4 Qc6 24. a6 b6 25. Na5 Qd7 26. Nb7 Rdc8 27. Nc5
Rxc5 28. dxc5 Rxc5 29. Rc1 Rxc1 30. Rxc1 Nd5 31. Qb2 1-0

[Event "Elit(Limhamn-Eksjo)"]
[Site "?"]
[Date "2011.10.09"]
[Round "3"]
[White "Brynell, Stellan"]
[Black "Bejtovic, Jasmin"]
[Result "1/2-1/2"]
[WhiteElo "2555"]
[BlackElo "2485"]
[PlyCount "63"]

1. d4 Nf6 2. c4 g6 3. Nc3 Bg7 4. e4 d6 5. Nf3 O-O 6. Be2 c5 7. d5 e6 8. O-O
exd5 9. cxd5 Re8 10. Nd2 Na6 11. f3 Nc7 12. a4 b6 13. Nc4 Ba6 14. Bg5 Bxc4 15.
Bxc4 h6 16. Be3 a6 17. Qd2 Kh7 18. Rfe1 Qd7 19. Bf1 b5 20. Kh1 Ng8 21. axb5
axb5 22. Ne2 b4 23. Ng3 Nb5 24. Bc4 Nd4 25. Ne2 Nxe2 26. Qxe2 Qe7 27. Bb5 Rf8
28. Bd3 Qf6 29. Rxa8 Rxa8 30. b3 Ra1 31. Bc4 Ne7 32. Rxa1 1/2-1/2

[Event "Elit(Limhamn-Eksjo)"]
[Site "?"]
[Date "2011.10.09"]
[Round "3"]
[White "de Verdier, Michael"]
[Black "Schneider, Stefan"]
[Result "1/2-1/2"]
[WhiteElo "2441"]
[BlackElo "2431"]
[PlyCount "39"]

1. Nf3 Nf6 2. c4 c6 3. g3 d5 4. Bg2 Bf5 5. cxd5 cxd5 6. Qb3 Bc8 7. d3 Nc6 8.
Bf4 e6 9. O-O Be7 10. Nc3 O-O 11. Rfc1 Nh5 12. Bd2 Nf6 13. Bf4 Nh5 14. Bd2 Nf6
15. Bg5 h6 16. Bf4 Nh5 17. Bd2 Nf6 18. Bf4 Nh5 19. Bd2 Nf6 20. Bf4 1/2-1/2

[Event "Elit(Limhamn-Eksjo)"]
[Site "?"]
[Date "2011.10.09"]
[Round "3"]
[White "Penalver, Osmani"]
[Black "Krantz, Christopher"]
[Result "1/2-1/2"]
[WhiteElo "2323"]
[BlackElo "2353"]
[PlyCount "91"]

1. d4 d5 2. c4 c6 3. Nf3 Nf6 4. e3 Bg4 5. Nc3 e6 6. Be2 Nbd7 7. b3 Bb4 8. Bd2
Qe7 9. O-O O-O 10. h3 Bh5 11. Qe1 a5 12. c5 Ne4 13. a3 Bxc3 14. Bxc3 Nxc3 15.
Qxc3 e5 16. Rfe1 e4 17. Nh2 Bxe2 18. Rxe2 f5 19. b4 a4 20. Rb1 Rf6 21. b5 Nf8
22. bxc6 bxc6 23. Reb2 Ne6 24. Rb8+ Rf8 25. Rxa8 Rxa8 26. Rb6 Qe8 27. Qb4 Nc7
28. Nf1 Nb5 29. Ng3 Qd7 30. Ne2 h6 31. Nc3 Nxc3 32. Qxc3 Rf8 33. Qa5 f4 34.
Qxa4 fxe3 35. fxe3 Rf6 36. Qa8+ Kh7 37. Rb8 Kg6 38. Rf8 Rxf8 39. Qxf8 Qa7 40.
g4 Kh7 41. Qf5+ g6 42. Qf2 Qxa3 43. Kg2 Qa7 44. Kg3 Kg7 45. h4 Qe7 46. Qf4
1/2-1/2

[Event "Elit(Limhamn-Eksjo)"]
[Site "?"]
[Date "2011.10.09"]
[Round "3"]
[White "Malesevic, Nedeljko"]
[Black "Johansson, Linus"]
[Result "1/2-1/2"]
[WhiteElo "2375"]
[BlackElo "2306"]
[PlyCount "45"]

1. d4 Nf6 2. c4 e6 3. Nf3 b6 4. g3 Ba6 5. b3 Bb7 6. Bg2 Bb4+ 7. Bd2 a5 8. a3
Be7 9. Nc3 d5 10. cxd5 exd5 11. O-O O-O 12. Qc2 Nbd7 13. Rfd1 Rc8 14. Bg5 Ne4
15. Bxe7 Qxe7 16. Bh3 f5 17. Nh4 g6 18. Nxe4 fxe4 19. f4 c5 20. dxc5 Rxc5 21.
Qd2 Rfc8 22. Qd4 R8c7 23. Ng2 1/2-1/2

[Event "Elit(Limhamn-Eksjo)"]
[Site "?"]
[Date "2011.10.09"]
[Round "3"]
[White "Eklund, Joel"]
[Black "Thornert, Hakan"]
[Result "1/2-1/2"]
[WhiteElo "2277"]
[BlackElo "2258"]
[PlyCount "109"]

1. c4 e5 2. g3 Nf6 3. Bg2 d5 4. cxd5 Nxd5 5. Nc3 Nb6 6. Nf3 Nc6 7. O-O Be7 8.
a3 O-O 9. b4 Re8 10. Rb1 Bf8 11. d3 Nd4 12. Ne1 a5 13. e3 Ne6 14. Nf3 axb4 15.
axb4 Ng5 16. Nxg5 Qxg5 17. Qc2 Qd8 18. Bd2 Bf5 19. Ne4 Qd7 20. Rfd1 c6 21. Be1
Bg4 22. Rdc1 Nd5 23. Nc5 Bxc5 24. Qxc5 Bh3 25. Bh1 Nc7 26. Bc3 Nb5 27. Bxe5
Qxd3 28. Bb2 Rad8 29. Bf3 Qf5 30. Qxf5 Bxf5 31. Ra1 Rd2 32. Bc3 Rd3 33. Be1 Rd7
34. Kg2 f6 35. h3 Be4 36. Bxe4 Rxe4 37. Ra8+ Kf7 38. Kf3 Re8 39. Rxe8 Kxe8 40.
Ke2 Ke7 41. f3 Rd8 42. Ra1 h5 43. g4 hxg4 44. hxg4 Ke6 45. Bf2 Nc3+ 46. Kf1 Kd5
47. e4+ Kc4 48. Bc5 Kd3 49. Kf2 Kc4 50. Rc1 Rd2+ 51. Ke3 Rd3+ 52. Kf2 Rd2+ 53.
Ke3 Rd3+ 54. Kf2 Rd2+ 55. Ke3 1/2-1/2

[Event "Elit(Rockaden,Umea-Solna)"]
[Site "?"]
[Date "2011.10.09"]
[Round "3"]
[White "Jonsson, Mikael"]
[Black "Petrov, Marijan"]
[Result "1/2-1/2"]
[WhiteElo "2348"]
[BlackElo "2537"]
[PlyCount "135"]

1. d4 c5 2. d5 g6 3. e4 Bg7 4. f4 d6 5. Nf3 Nf6 6. Nc3 O-O 7. Bd3 Bg4 8. O-O a6
9. a4 Qc7 10. Qe2 Nbd7 11. a5 Rae8 12. Bd2 e6 13. dxe6 Bxe6 14. b3 Bf5 15. Ra4
Qc6 16. exf5 Rxe2 17. Nxe2 d5 18. fxg6 hxg6 19. f5 Ne4 20. Bxe4 dxe4 21. Ng5
Re8 22. fxg6 fxg6 23. Be3 Qd5 24. h4 Qc6 25. Kh1 b5 26. axb6 Nxb6 27. Ra5 Nd7
28. Rf2 Rf8 29. Rxf8+ Bxf8 30. Ra4 Nf6 31. Ng3 Qd5 32. N3xe4 Qd1+ 33. Bg1 Nxe4
34. Rxe4 Qxc2 35. Re6 a5 36. Rb6 Be7 37. Nf3 Qe4 38. Bf2 c4 39. bxc4 a4 40. Ra6
a3 41. Bd4 a2 42. c5 Bxc5 43. Bxc5 Qb1+ 44. Kh2 a1=Q 45. Rxa1 Qxa1 46. Bd4 Qd1
47. Kg3 Kf7 48. Kf2 Ke6 49. Be5 Kf5 50. Bd4 Qc2+ 51. Kf1 Kf4 52. Be5+ Ke4 53.
Bd4 Qc1+ 54. Kf2 Kd3 55. Be5 Qe3+ 56. Kf1 Qe2+ 57. Kg1 Qd1+ 58. Kf2 Qc2+ 59.
Kf1 Qc5 60. Bd4 Qc1+ 61. Kf2 Qc2+ 62. Kf1 Qb1+ 63. Kf2 Kc2 64. Be5 Kd1 65. Bd4
Qc2+ 66. Kf1 Qe2+ 67. Kg1 Qc4 68. Kf2 1/2-1/2

[Event "Elit(Rockaden,Umea-Solna)"]
[Site "?"]
[Date "2011.10.09"]
[Round "3"]
[White "Wickstrom, Lucas"]
[Black "Lindberg, Bengt"]
[Result "1-0"]
[WhiteElo "2325"]
[BlackElo "2466"]
[PlyCount "83"]

1. d4 Nf6 2. c4 e6 3. Nf3 c5 4. d5 d6 5. Nc3 exd5 6. cxd5 g6 7. Bg5 h6 8. Bh4
Bg7 9. e4 O-O 10. Nd2 g5 11. Bg3 Nxe4 12. Ndxe4 f5 13. Nxd6 f4 14. Nxc8 Qxc8
15. Be2 Nd7 16. Bg4 Qe8+ 17. Be6+ Kh8 18. O-O Ne5 19. Ne4 Qe7 20. Qe2 c4 21.
Rac1 b5 22. b3 Rad8 23. a4 Nd3 24. Rb1 a6 25. bxc4 bxc4 26. Rb6 Qa7 27. Rc6 Ne5
28. Rd6 Rb8 29. Nxg5 fxg3 30. hxg3 Rb2 31. Qxb2 Nf3+ 32. Nxf3 Bxb2 33. Rd7 Qb8
34. Nh4 Rf6 35. Bf5 Rxf5 36. Nxf5 Qc8 37. Rf7 c3 38. d6 c2 39. d7 c1=Q 40. Rxc1
Qxc1+ 41. Kh2 Qg5 42. Rf8+ 1-0

[Event "Elit(Rockaden,Umea-Solna)"]
[Site "?"]
[Date "2011.10.09"]
[Round "3"]
[White "Landgren, Andreas"]
[Black "Malmstig, Erik"]
[Result "1-0"]
[WhiteElo "2234"]
[BlackElo "2335"]
[PlyCount "65"]

1. d4 Nf6 2. c4 e6 3. Nc3 Bb4 4. Qc2 d5 5. a3 Be7 6. Nf3 c5 7. dxc5 Bxc5 8.
cxd5 exd5 9. Bg5 Be7 10. Rd1 Be6 11. e3 O-O 12. Be2 h6 13. Bh4 Nc6 14. O-O Qa5
15. Nd4 Nxd4 16. Rxd4 Rac8 17. Qd2 Qb6 18. Rd1 Rfd8 19. Bf3 Qc5 20. h3 b5 21.
Bg3 Qb6 22. Nxd5 Nxd5 23. Bxd5 Bf6 24. Bxe6 Qxe6 25. Rxd8+ Rxd8 26. Qe2 Rxd1+
27. Qxd1 Qa2 28. Qd7 Bxb2 29. Qxa7 Qb3 30. Qa8+ Kh7 31. Qe4+ Kg8 32. Qb4 Qc4
33. Qxb2 1-0

[Event "Elit(Rockaden,Umea-Solna)"]
[Site "?"]
[Date "2011.10.09"]
[Round "3"]
[White "Steneskog, Per"]
[Black "Nygren, David"]
[Result "1-0"]
[WhiteElo "2220"]
[BlackElo "2275"]
[PlyCount "124"]

1. d4 Nf6 2. c4 e6 3. Nc3 Bb4 4. Bg5 h6 5. Bh4 c5 6. d5 d6 7. e3 exd5 8. cxd5
Nbd7 9. Bd3 Qa5 10. Nge2 Nxd5 11. O-O Bxc3 12. bxc3 O-O 13. Bh7+ Kxh7 14. Qxd5
Qa6 15. c4 Nb6 16. Qxd6 Be6 17. Rfc1 Rac8 18. Nf4 Bxc4 19. a4 Rfe8 20. a5 Na8
21. Qd2 Kg8 22. Qc3 Bb5 23. Rab1 Bd7 24. Nd5 Qe6 25. Ne7+ Rxe7 26. Bxe7 Qxe7
27. Rxb7 Qd6 28. Rxa7 Be6 29. Rb7 Bd5 30. Rb2 Qg6 31. f4 Qe4 32. Qe5 Qd3 33.
Qc3 Qa6 34. Qe5 Qc6 35. Rd2 Nc7 36. e4 Bxe4 37. Rxc5 Qb7 38. Rb2 Qa7 39. Rb6 f5
40. h3 Kh7 41. Kh2 h5 42. h4 Qa8 43. Rxc7 Rxc7 44. Qxc7 Bxg2 45. Rb3 Bf3 46.
Qe5 Bg4 47. Rd3 Qa7 48. Rd2 Qb7 49. Qe3 Qb5 50. Ra2 Qb1 51. Qf2 Bf3 52. a6 Qh1+
53. Kg3 Bd5 54. Rd2 Be4 55. a7 Qa1 56. Ra2 Qc3+ 57. Kh2 Ba8 58. Qg3 Qc1 59. Qf2
Qh1+ 60. Kg3 Qc1 61. Rb2 Qc3+ 62. Kh2 Qc6 1-0